El Proceso de la revolución demográfica en Cuba
El autor analiza las obras teóricas marxistas que llama burguesas y sintetiza los aspectos positivos y negativos de tales teorías. Analiza las teorías no marxistas, aprovechando de ellas lo útil. Reflexiona acerca de la ley económica de la población. Realiza un análisis económico, político y social...
Salvato in:
| Autore principale: | |
|---|---|
| Natura: | testo |
| Pubblicazione: |
La Habana:
Universidad de la Habana. CEDEM
|
| Edizione: | 2 |
| Soggetti: | |
| Tags: |
Aggiungi Tag
Nessun Tag, puoi essere il primo ad aggiungerne!!
|
MARC
| LEADER | 00000 a a2200000 04500 | ||
|---|---|---|---|
| 001 | 13599 | ||
| 003 | |||
| 040 | |||
| 090 | |a 1001 H557p | ||
| 100 | |a Hernández Castellón, Raúl | ||
| 245 | |a El Proceso de la revolución demográfica en Cuba | ||
| 250 | |a 2 | ||
| 260 | |a La Habana: |b Universidad de la Habana. CEDEM | ||
| 300 | |a 285 ps | ||
| 300 | |b **no definido** | ||
| 520 | |a El autor analiza las obras teóricas marxistas que llama burguesas y sintetiza los aspectos positivos y negativos de tales teorías. Analiza las teorías no marxistas, aprovechando de ellas lo útil. Reflexiona acerca de la ley económica de la población. Realiza un análisis económico, político y social de Cuba para comprender los fctores que han influido en el crecimiento de la población cubana: se trata de medir en que grado la población interviene en la evolución de la sociedad, desde una perspectiva marxista. Llega a concluir que la población es un fenómeno social con leyes propias. En el estudio se trata de conocer la heterogeneidad de la dinámica demográfica. LOB/mb | ||
| 650 | |a DEMOGRAFIA | ||
| 650 | |a PAISES EN DESARROLLO | ||
| 650 | |a REVOLUCION | ||
| 650 | |a DISTRIBUCION POR EDAD Y SEXO | ||
| 650 | |a COMERCIO EXTERIOR | ||
| 650 | |a DESARROLLO SOCIAL | ||
| 650 | |a CONDICIONES ECONOMICAS | ||
| 650 | |a INVERSIONES EXTRANJERAS | ||
| 650 | |a CRECIMIENTO DEMOGRAFICO | ||
| 650 | |a MORTALIDAD | ||
| 650 | |a INVERSIONES EXTRANJERAS | ||
| 650 | |a COMERCIO EXTERIOR | ||
| 650 | |a CRECIMIENTO DEMOGRAFICO | ||
| 650 | |a ANALFABETISMO | ||
| 650 | |a ALFABETIZACION | ||
| 650 | |a FECUNDIDAD | ||
| 650 | |a URBANIZACION | ||
| 650 | |a POBLACION ACTIVA | ||
| 650 | |a MORTALIDAD | ||
| 650 | |a INMIGRACION | ||
| 999 | |c 15211 |d 15211 | ||
